000 00840nam a2200277 i 4500
001 bg
100 1 _aGUBAŁA, Marek
245 1 0 _aPodstawy zarządzania magazynem w przykładach /
_cMarek Gubała, Jan Popielas.
250 _aWyd. 2.
260 _aPoznań :
_bInstytut Logistyki i Magazynowania,
_c2005.
300 _a197 s. :
_bil. ;
_c24 cm.
490 1 _aBiblioteka Logistyka
504 _aBibliogr.
650 9 _aLogistyka gospodarcza
650 9 _aMagazyn
_xorganizacja
655 _aPodręczniki
830 _aBiblioteka Logistyka
020 _a8387344869
040 _cBPK
041 0 _apol
080 _a658.7:65.011](07)
920 _a83-87344-86-9
942 _cKS
008 s pl f |000 0 pol
999 _c46158
_d46158
856 _uhttp://koha.tu.koszalin.pl/cgi-bin/koha/opac-detail.pl?biblionumber=46158
_yKatalog online BPK